[Event "AUT-ch U10"]
[Site "Linz"]
[Date "2013.06.01"]
[Round "4"]
[White "Eliskases, Simon"]
[Black "Kranz, Timo"]
[Result "0-1"]
[WhiteElo "1324"]
[BlackElo "1252"]
[PlyCount "84"]
[EventDate "2013.05.31"]
[EventType "swiss"]
[EventRounds "7"]
[EventCountry "AUT"]
[SourceTitle "EXT 2015"]
[Source "ChessBase"]
[SourceDate "2014.11.20"]
[SourceVersion "1"]
[SourceVersionDate "2014.11.20"]
[SourceQuality "1"]

1. e4 e5 2. Nf3 Nc6 3. Nc3 Nf6 4. Bb5 Bb4 5. Bxc6 bxc6 6. d3 Qe7 7. Be3 0-0 8. 0-0 Ba6 9. a3 Bxc3 10. bxc3 Rab8 11. Qd2 Rb7 12. Rab1 Rxb1 13. Rxb1 Qxa3 14. d4 Nxe4 15. Qe1 Nxc3 16. Ra1 Ne2+ 17. Kf1 Nxd4+ 18. Kg1 Nxc2 19. Rxa3 Nxe1 20. Nxe1 Bb5 21. Rxa7 d5 22. Rxc7 d4 23. Bd2 Ra8 24. h3 h6 25. Re7 Ra2 26. Re8+ Kh7 27. Bb4 c5 28. Bxc5 Bxe8 29. Bd6 e4 30. f3 exf3 31. Nxf3 d3 32. Bb4 Bc6 33. Ne5 Rxg2+ 34. Kf1 Bd5 35. Nxd3 Rg3 36. Ne5 Rxh3 37. Kf2 Rh4 38. Be7 Re4 39. Bd6 g5 40. Kg3 f5 41. Nf3 Rg4+ 42. Kf2 Bxf3 0-1